000 00288 a2200145 4500
001 62114
020 _a8534902348
040 _cAnchieta - Pituba
240 1 0 _aBíblia Sagrada
_lpor
245 1 0 _aBíblia Sagrada
300 _a1631
362 0 _a1991
650 4 _aBíblia
942 _cBK
999 _c62114
_d62114